000 01114nam a22002177a 4500
999 _c61080
_d61080
003 Ge_BSU
005 20231214172855.0
008 231214s2015 ge ||||| |||| 00| 0 geo d
020 _a9789941432903
041 _ageo
080 _a631.5(042.4) კ-39
100 _aკელენჯერიძე, ნინო
_911838
245 _aმიწათმოქმედება აგროქიმიის საფუძვლებით :
_b(სალექციო კურსი) /
_cნინო კელენჯერიძე ; რედაქტორი ნელი კელენჯერიძე.
264 _aქუთაისი :
_b აკაკი წერეთლის სახელმწ. უნ-ტის გამ-ბა,
_c2015.
300 _a216 გვ. ;
_b20 სმ.
504 _a ბიბლიოგრაფია: გვ. 212.
653 _aმიწათმოქმედება
653 _a აგროქიმია
700 _aკელენჯერიძე, ნელი
_eრედაქტორი
_920747
942 _2udc
_cᲬᲘᲒᲜᲘ